00300nam a2200121Ia 4500008004100000041000800041082001500049100002000064245002600084260003900110300002400149365000500173240624s9999 xx 000 0 und d aeng a793.73 DEV aSHAKUNTALA DEVI aPUZZLES TO PUZZLE YOU c2005aNew DelhibOrient Paperbacks a144 : p. : cm. ; 19 c